01165 2200361 4500001002100000005001500021035002000036007000300056008004100059020002200100040002200122082001600144084001800160090002200178090002200200100003300222245014900255250003400404300005000438650002200488700003000510700002900540700002700569850001200596041000800608504003200616264003700648336002100685337003000706338002300736999002200759990002200781INLIS00000000084690220200214081458 a0010-0519000237ta190507s2017 yoia e ind d a978-602-371-452-0 aYOPDYOGbinderda04223a649.122 a649.122 DIA i aDEP 649.122 DIA i aCB-D.11 2017-30100 aDiah Astutiningrumepenyusun10aInfo bunda :bpostpartum care (Perawatan ibu dan bayi baru lahir) /cpenyusun, Diah Astutiningrum, Venny Vidayanti, Suci Anggraeni, Siti Haniyah aCetakan Pertama, Agustus 2017 aviii, 53 halaman :bilustrasi, tabel ;c14 cm 4aBayi--xPerawatan0 aVenny Vidayantiepenyusun0 aSuci Anggraeniepenyusun0 aSiti Haniyahepenyusun aYOPDYOG0 aind aBibliografi : halaman 51-53 aYogyakarta :bLeutikaprio,c2017 2rdacontentateks 2rdamediaatanpa perantara 2rdacarrieravolume aCB-D.11/2017-3010 aCB-D.11/2017-3010